|
|
|
|
| LEADER |
01772nam a2200325 a 4500 |
| 001 |
32121 |
| 003 |
BD-DhAAL |
| 005 |
20180422115826.0 |
| 008 |
171003s2015 bg ||||| |||| 00| 0 ben d |
| 999 |
|
|
|c 38344
|d 38344
|
| 020 |
|
|
|a 9789840416868
|
| 040 |
|
|
|a BD-DhAAL
|
| 041 |
|
|
|a BEN
|
| 082 |
|
|
|2 23
|a 954.9205092
|
| 245 |
|
|
|a বাংলাদেশ জাতীয় সংসদে বঙ্গবন্ধু শেখ মুজিবর রহমান /
|c শেখ হাসিনা ও বেবী মওদুদ সম্পাদিত
|
| 246 |
|
|
|a Sheik mujib Bangkadesh national assembly
|
| 250 |
|
|
|a দ্বিতীয় মুদ্রণ
|
| 260 |
|
|
|a ঢাকা :
|b আগামী প্রকাশনী,
|c c২০১৫
|
| 300 |
|
|
|a ৯৩ পৃষ্ঠা ;
|c ২২ সে.মি.
|
| 526 |
|
|
|a AAL
|
| 541 |
|
|
|e 32121, 32122, 33015
|
| 600 |
|
|
|a Sheikh, Mujibur Rahman,
|d 1920-1975
|9 22402
|
| 651 |
|
|
|a Bangladesh
|x Politics and government.
|9 22403
|
| 700 |
|
|
|a হাসিনা, শেখ
|9 22404
|
| 700 |
|
|
|a মওদুদ, বেবী
|9 22405
|
| 852 |
|
|
|a Ayesha Abed Library
|c Bangabandhu Corner
|
| 942 |
|
|
|2 ddc
|c BK
|
| 952 |
|
|
|0 0
|1 0
|2 ddc
|4 0
|6 954_920509200000000_BAN
|7 0
|9 61356
|a BRACUL
|b BRACUL
|c BNC
|d 2017-09-27
|e Development Book Agency
|g 127.50
|l 0
|o 954.9205092 BAN
|p 3010032121
|r 2017-09-27
|t 1
|v 150.00
|w 2017-09-27
|y BK
|
| 952 |
|
|
|0 0
|1 0
|2 ddc
|4 0
|6 954_920509200000000_BAN
|7 0
|9 61436
|a BRACUL
|b BRACUL
|c BNC
|d 2017-09-27
|e Development Book Agency
|g 127.50
|l 1
|o 954.9205092 BAN
|p 3010032122
|r 2017-11-05
|s 2017-10-31
|t 2
|v 150.00
|w 2017-09-27
|y BK
|
| 952 |
|
|
|0 0
|1 0
|2 ddc
|4 0
|6 954_920509200000000_BAN
|7 0
|9 63215
|a BRACUL
|b BRACUL
|c BNC
|d 2018-04-18
|e Development Book Agency
|g 127.50
|l 0
|o 954.9205092 BAN
|p 3010033015
|r 2018-04-18
|t 3
|v 150.00
|w 2018-04-18
|y BK
|